[Event "ch-AUT 2012"]
[Site "Zwettl AUT"]
[Date "2012.07.21"]
[Round "1.4"]
[White "Weiss,C"]
[Black "Lenz,A"]
[Result "1/2-1/2"]
[WhiteElo "2417"]
[BlackElo "2197"]

1.d4 Nf6 2.g3 e6 3.Bg2 d5 4.Nf3 Be7 5.c4 O-O 6.O-O c6 7.Nc3 b6 8.b3 Bb7 9.Bb2 Nbd7
10.Nd2 c5 11.dxc5 Nxc5 12.b4 Nce4 13.Ndxe4 dxe4 14.Qb3 Rc8 15.Rac1 Qc7 16.Nb5 Qb8
17.Bd4 Nd7 18.Rfd1 Rfd8 19.Nc3 Qa8 20.a3 Bf6 21.Bxf6 Nxf6 22.Rxd8+ Rxd8 23.Rd1 h6
24.Rxd8+ Qxd8 25.Qd1 Qxd1+ 26.Nxd1 Nd7 27.Nb2 Kf8 28.Kf1 Ke7 29.h3 Kd6 30.Ke1 Ne5
31.e3 a5 32.Kd2 axb4 33.axb4 Bc6 34.Kc3 Nd7 35.Bf1 Kc7 36.Be2 Kd6 37.Kd4 e5+
38.Kc3 f5 39.h4 g5 40.hxg5 hxg5 41.Kb3 f4 42.Kc3 Nf6 43.gxf4 exf4 44.exf4 gxf4
45.Kd4 Bd7 46.Nd1 Bc6 47.Nc3 Bb7 48.Bf1 Bc6 49.Bh3 Bb7 50.Bf5 e3 51.fxe3 fxe3
52.Nb5+ Ke7 53.Kxe3 Nd7 54.Bxd7 Kxd7 55.Kd4 Bg2 56.Nc3 Kc6 57.Nd5 Bf3 58.Nf4 Kb7
59.Nd3 Bg2 60.Ne1 Bc6 61.Ke5 Bh1 62.Kd6 Be4 63.Ke5 Bc6 64.Nd3 Kc7 65.Nf4 Bf3
66.Ne6+ Kb7 67.Nd4 Bg2 68.Kd6 Bf1 69.c5 bxc5 70.bxc5 Bg2 71.Ne6 Bf3 72.Nd8+ Kc8
73.Nc6  1/2-1/2

[Event "27th Avoine Open"]
[Site "Avoine FRA"]
[Date "2012.07.22"]
[Round "2.4"]
[White "Inkiov,V"]
[Black "Duboue,P"]
[Result "1-0"]
[WhiteElo "2460"]
[BlackElo "2189"]

1.d4 d5 2.c4 e6 3.Nf3 Nf6 4.g3 Be7 5.Bg2 O-O 6.O-O dxc4 7.Qc2 a6 8.Qxc4 b5
9.Qc2 Bb7 10.Bf4 Nd5 11.Nc3 Nxf4 12.gxf4 Ra7 13.Rad1 Qd6 14.e3 Nd7 15.Ne4 Qc6
16.Qxc6 Bxc6 17.Nfd2 Bd5 18.Rc1 c6 19.Rc2 Rc7 20.Rfc1 Rfc8 21.Nb3 h6 22.Ned2 Bxg2
23.Kxg2 Kf8 24.Ne4 Ke8 25.Na5 Nb8 26.a3 f5 27.Nc5 Bxc5 28.Rxc5 Ke7 29.h4 Kd6
30.R5c2 Nd7 31.b4 Nb6 32.Kf3 Nd5 33.Rg1 Rf7 34.Ke2 Nb6 35.Kd3 Nd5 36.f3 Rcc7
37.Rcg2 Ra7 38.Rg6 Rfe7 39.Kd2 Rf7 40.Nb3 Nb6 41.Nc5 Nc4+ 42.Ke2 Rae7 43.e4 Nxa3
44.e5+ Kd5 45.Kd3 Nc4 46.Ra1 Rf8 47.Rxa6 Rc8 48.Rg2  1-0

[Event "23rd Czech Open A"]
[Site "Pardubice CZE"]
[Date "2012.07.22"]
[Round "3.17"]
[White "Jirka,J"]
[Black "Hess,Ro"]
[Result "0-1"]
[WhiteElo "2413"]
[BlackElo "2639"]

1.d4 Nf6 2.c4 e6 3.g3 d5 4.Bg2 Be7 5.Nf3 O-O 6.O-O dxc4 7.Nc3 Nc6 8.e3 Rb8
9.Qa4 a6 10.Qxc4 b5 11.Qe2 Bb7 12.Rd1 Qe8 13.b3 Bd6 14.Bb2 e5 15.d5 Ne7 16.e4 Ng6
17.Rac1 Qe7 18.Rd2 Bc8 19.Nd1 h5 20.Qd3 Ng4 21.Re2 Bd7 22.h3 Nh6 23.Ne3 Qf6
24.h4 Ne7 25.Ng5 Qg6 26.Rec2 Rbc8 27.Bh3 Bxh3 28.Nxh3 f6 29.a4 Ng4 30.axb5 axb5
31.Kg2 f5 32.Nxf5 Nxf5 33.exf5 Rxf5 34.Qxb5 Rcf8 35.Qd7 Rxf2+ 36.Rxf2 Qe4+
37.Kg1 Nxf2 38.Nxf2 Bc5 39.Qe6+ Kh7 40.Qxe5 Bxf2+ 41.Kh2 Bxg3+ 42.Qxg3 Qe2+
43.Kg1 Qxb2 44.Qd3+ Kg8 45.Qe3 Rf6 46.Kh1 Rg6 47.Rg1 Rxg1+ 48.Kxg1 Qb1+ 49.Kf2 Qf5+
50.Qf3 Qe5 51.Kg2 Kh7 52.Kh3 Kg6 53.Kg2 Qd4 54.Qg3+ Kf5 55.Qf3+ Kg6 56.Qg3+ Kh7
57.Qg5 Qb2+ 58.Kh1 Qb1+ 59.Kh2 Qc2+ 60.Kh1 Qg6 61.Qe5 Qg4 62.Qe1 Qf3+ 63.Kh2 Qxd5
64.Qe3 Qd6+ 65.Kh3 Qd7+ 66.Kh2 Qf5 67.Qg3 c5 68.Qe3 Qd5 69.Kh3 Qd7+ 70.Kh2 Qd6+
71.Kh3 Qd7+ 72.Kh2 Qc7+ 73.Kh3 Qc8+ 74.Kh2 Qf5 75.Qg3 Qc2+ 76.Kh3 Qg6 77.Qf3 Qe6+
78.Kh2 Qe5+ 79.Kh3 Kg6 80.Qc6+ Kf5 81.Qf3+ Ke6 82.Qc6+ Ke7 83.Qb7+ Kf6 84.Kg2 Qe2+
85.Kg1 Qe3+ 86.Kf1 g6 87.Qc6+ Kf5 88.Qd7+ Qe6 89.Qd1 Qe4 90.Qd7+ Kf4 91.Qd6+ Kf3
92.Qf8+ Qf4 93.Qa8+ Ke3+ 94.Kg1 Qf2+  0-1

[Event "TCh-CRC Premier 2012"]
[Site "San Jose CRC"]
[Date "2012.07.22"]
[Round "1.1"]
[White "Fernandez,Mario"]
[Black "Castillo Trujillo,I"]
[Result "0-1"]
[WhiteElo "2101"]
[BlackElo "2057"]

1.d4 e6 2.c4 d5 3.g3 Be7 4.Bg2 Nf6 5.Nf3 O-O 6.O-O dxc4 7.Qc2 a6 8.a4 Bd7
9.Qxc4 Bc6 10.Bf4 Bd6 11.Nc3 Bxf4 12.gxf4 Nd5 13.e3 Nxc3 14.bxc3 Nd7 15.Qd3 Nf6
16.Ne5 Bxg2 17.Kxg2 Qd5+ 18.Kg1 Nd7 19.Nxd7 Qxd7 20.Qe4 Rab8 21.Rfb1 f5 22.Qf3 b5
23.Rb4 a5 24.Rxb5 Rxb5 25.axb5 Qxb5 26.h3 h6 27.Kh2 a4 28.Qd1 Ra8 29.Qc2 Qc4
30.Qa2 Qxa2 31.Rxa2 a3 32.Kg2 Kf7 33.Kf3 Ke7 34.Ke2 g5 35.fxg5 hxg5 36.f3 Kf6
37.c4 Kg6 38.Kf2 Kh5 39.Kg3 Ra4 40.c5 c6 41.Kf2 Kh4 42.Kg2 f4 43.exf4 gxf4
44.Kh2 Rxd4 45.Rxa3 Rd2+ 46.Kg1 Kg3 47.Kf1 Rc2 48.Rb3 Rxc5 49.Ke2 Rc2+ 50.Kd3  0-1

[Event "ch-AUT 2012"]
[Site "Zwettl AUT"]
[Date "2012.07.23"]
[Round "3.16"]
[White "Rogetzer,K"]
[Black "Sandhoefner,F"]
[Result "1/2-1/2"]
[WhiteElo "2083"]
[BlackElo "2228"]

1.d4 d5 2.c4 e6 3.Nf3 Nf6 4.g3 Be7 5.Bg2 O-O 6.O-O dxc4 7.Ne5 c5 8.dxc5 Bxc5
9.Qxd8 Rxd8 10.Nc3 Nc6 11.Nxc6 bxc6 12.Bxc6 Rb8 13.Bf4 Rb4 14.Rfd1 Rf8 15.Bc7 Ba6
16.Na4 Be7 17.Rd4 Rc8 18.Bd6 Bxd6 19.Rxd6 Bb7 20.Rad1 Kf8 21.Rd8+ Ke7 22.R1d7+ Nxd7
23.Rxd7+ Kf6 24.Bxb7 Rb8 25.Bc6 Rc8 26.Bb7 Rb8 27.Nc5 Rxb2 28.Rc7 Kg6 29.Ba6 c3
30.Bd3+ Kh6 31.Ne4 Rxa2 32.Nxc3 Ra1+ 33.Kg2 Rc1 34.Rc4 g6 35.Rh4+ Kg7 36.Na2 Rc5  1/2-1/2

[Event "Corporation Centre Cup A"]
[Site "Izhevsk RUS"]
[Date "2012.07.24"]
[Round "9.5"]
[White "Iskusnyh,S"]
[Black "Lysyj,I"]
[Result "1/2-1/2"]
[WhiteElo "2478"]
[BlackElo "2632"]

1.d4 Nf6 2.c4 e6 3.g3 d5 4.Nf3 Be7 5.Bg2 O-O 6.Qc2 c5 7.dxc5 Qa5+ 8.Nc3 dxc4
9.O-O Nc6 10.Bg5 Qxc5 11.Bxf6 gxf6 12.Rfd1 Rd8 13.Rxd8+ Nxd8 14.Rd1 Kg7 15.Qe4 f5
16.Qe5+ Qxe5 17.Nxe5 Rb8 18.Nxc4 b5 19.Nd6 b4 20.Na4 Ba6 21.Bf3 Bxd6 22.Rxd6 Bb5
23.Nc5 Rc8 24.Nd3 a5 25.Rb6 Bxd3 26.exd3 Kf6 27.Ra6 Rc2 28.Rxa5 Rxb2 29.Ra7 Rc2
30.Kg2 Nc6 31.Bxc6 Rxc6 32.Rb7 Rd6 33.Rxb4 Rxd3 34.Ra4 Rd2 35.Ra7 e5 36.Kf3 h5
37.Ra6+ Kg7 38.h4 f6 39.Ra3 Rd4 40.Ke3 f4+ 41.Kf3 Kg6 42.gxf4 Rxf4+ 43.Kg3 Rg4+
44.Kh3 Rc4 45.f3 Kf5 46.Kg3 Rc2 47.Ra4 Rc3 48.Kg2 Rc6 49.Kg3 Ke6 50.Ra8 f5
51.Re8+ Kd5 52.Rd8+ Kc4 53.Rh8 f4+ 54.Kf2 Ra6 55.Rc8+ Kd5 56.Rd8+ Kc6 57.Rc8+ Kd7
58.Rh8 Rxa2+ 59.Kg1 Ra1+ 60.Kg2 Kd6 61.Rxh5 Kd5 62.Rg5 Kd4 63.h5 e4 64.fxe4 Ke3
65.Rf5 Kxe4 66.Rf8 Ra5 67.Re8+ Re5 68.Rxe5+ Kxe5  1/2-1/2

[Event "23rd Czech Open A"]
[Site "Pardubice CZE"]
[Date "2012.07.24"]
[Round "5.57"]
[White "Obodchuk,A"]
[Black "Prandstetter,E"]
[Result "1-0"]
[WhiteElo "2399"]
[BlackElo "2282"]

1.Nf3 d5 2.c4 e6 3.d4 Nf6 4.g3 Be7 5.Bg2 O-O 6.O-O Nbd7 7.Qc2 c6 8.Rd1 Ne4
9.b3 f5 10.Nbd2 Qe8 11.a4 Qh5 12.Ba3 Bxa3 13.Rxa3 g5 14.b4 g4 15.Ne1 Ndf6
16.Nd3 Bd7 17.Nb3 Rae8 18.Nbc5 Bc8 19.Nf4 Qh6 20.Qc1 Nh5 21.Nxh5 Qxh5 22.Nd3 Nd6
23.Ne5 Nxc4 24.Nxc4 dxc4 25.Qxc4 Rf6 26.f4 gxf3 27.Rxf3 Qf7 28.Qc5 Qe7 29.Qxe7 Rxe7
30.Re3 Rf8 31.Re5 Rg7 32.Rf1 Bd7 33.e3 Rc8 34.Rc1 Rf7 35.Kf2 Kf8 36.Ra5 a6
37.Re5 Ke7 38.Bf3 Kd6 39.Be2 Rf6 40.Kg2 Rf7 41.Rf1 Rcf8 42.Rf4 Rf6 43.Rc5 Be8
44.Rh4 Bg6 45.Kf3 Ra8 46.a5 Rg8 47.Re5 Rg7 48.Kf2 Rf8 49.Rh6 Kd7 50.Ke1 Rf6
51.Kd2 Ke7 52.Kc3 Bf7 53.Rxf6 Kxf6 54.Kc4 Ke7 55.Kc5 Kd7 56.Kb6 Kc8 57.e4 fxe4
58.Rxe4 Rg5 59.Re5 Rf5 60.Bc4 Rf2 61.Bxe6+ Bxe6 62.Rxe6 Rxh2 63.Re8+ Kd7
64.Rb8  1-0

[Event "30th Andorra Open"]
[Site "Erts-La Massana AND"]
[Date "2012.07.25"]
[Round "5.20"]
[White "Berczes,D"]
[Black "Bas Mas,J"]
[Result "1/2-1/2"]
[WhiteElo "2530"]
[BlackElo "2214"]

1.d4 d5 2.c4 e6 3.Nf3 Nf6 4.g3 Be7 5.Bg2 O-O 6.O-O dxc4 7.Nc3 c5 8.dxc5 Bxc5
9.Qxd8 Rxd8 10.Ne5 Be7 11.Bg5 h6 12.Bxf6 gxf6 13.Nxc4 Nc6 14.Rfd1 Kf8 15.Bxc6 bxc6
16.Na5 c5 17.Nc6 Rd7 18.Nxe7 Kxe7 19.Rac1 Rb8 20.Rc2 Rxd1+ 21.Nxd1 Ba6 22.Kf1 Kd6
23.Rc3 Bb5 24.Ra3 Rb7 25.Ke1 f5 26.Kd2 Kc6 27.Nc3 f6 28.Kc2 Rd7 29.Nxb5 Kxb5
30.Rb3+ Kc6 31.Rb8 Rh7 32.Rf8 Kd6 33.h4 Ke5 34.Kc3 h5 35.Rc8 Kd5 36.b3 e5
37.Rd8+ Ke4 38.Rd6 Rf7 39.Kd2 f4 40.f3+ Kf5 41.e4+ fxe3+ 42.Kxe3 Rg7 43.Rc6 Rxg3
44.Rxc5 Rg7 45.Rc4 Rd7 46.Ra4 Rc7 47.Kf2 Rd7 48.Ra6 Rb7 49.Ra4 Rd7 50.Ke3 Rc7
51.Rc4 Rd7 52.Ke2 Rg7 53.Kf2 Rd7 54.Ke2  1/2-1/2

[Event "23rd Czech Open A"]
[Site "Pardubice CZE"]
[Date "2012.07.25"]
[Round "6.6"]
[White "Buhmann,R"]
[Black "Gavrilov,Al1"]
[Result "1/2-1/2"]
[WhiteElo "2571"]
[BlackElo "2498"]

1.Nf3 d5 2.d4 Nf6 3.c4 e6 4.g3 Be7 5.Bg2 O-O 6.O-O dxc4 7.Qc2 a6 8.a4 Bd7
9.Qxc4 Bc6 10.Bf4 Nbd7 11.Nc3 Nb6 12.Qb3 Nfd5 13.Nxd5 Nxd5 14.Bd2 Nf6 15.Rfc1 Bd5
16.Qc2 c6 17.e3 Be4 18.Qb3 Qd5 19.Qxd5 exd5 20.Be1 Nd7 21.Nd2 Bxg2 22.Kxg2 f5
23.Nb3 Rab8 24.Na5 Kf7 25.b4 Rfc8 26.Rcb1 Bf6 27.Rc1 g5 28.Ra2 Nb6 29.b5 cxb5
30.Rxc8 Nxc8 31.axb5 axb5 32.Rc2 Bd8 33.Rc5 Ke6 34.Rxb5 Bxa5 35.Bxa5 b6 36.h3 h5
37.Rb1 b5 38.g4 fxg4 39.hxg4 hxg4 40.Bb4 Nb6 41.Kg3 Kf5 42.Bd6 Rh8 43.Rxb5 Nc4
44.Be7 Rh3+ 45.Kg2 Ke4 46.Bxg5 Nd2 47.Rb8 Nf3 48.Bf4 Nh4+ 49.Kg1 Nf3+ 50.Kg2 Nh4+
51.Kg1 Nf3+  1/2-1/2

[Event "21st Kavala Open A"]
[Site "Kavala GRE"]
[Date "2012.07.26"]
[Round "2"]
[White "Ashwin,J"]
[Black "Khazhomia,S"]
[Result "1/2-1/2"]
[WhiteElo "2476"]
[BlackElo "2125"]

1.d4 d5 2.c4 e6 3.Nf3 Nf6 4.g3 Be7 5.Bg2 O-O 6.O-O b6 7.cxd5 exd5 8.Nc3 Bb7
9.Bf4 c5 10.Ne5 Ne4 11.dxc5 Bxc5 12.Qb3 g5 13.Nxe4 dxe4 14.Be3 Na6 15.Rfd1 Qe7
16.Ng4 Bc8 17.Rd5 Bxe3 18.Qxe3 f6 19.Nh6+ Kg7 20.Nf5+ Bxf5 21.Rxf5 Qe6 22.Qxe4 Qxe4
23.Bxe4 Rae8 24.Bf3 Rd8 25.Rd5 Rxd5 26.Bxd5 Rd8 27.Bc4 Nc5 28.Rc1 a5 29.Rc2 Rd1+
30.Kg2 Kg6 31.g4 h5 32.h3 h4 33.a3 a4 34.Bb5 Kg7 35.e3 Kf8 36.Rc4 Rd2 37.Rb4 Ke7
38.Kf1 Rc2 39.Bxa4 Nxa4 40.Rxa4 Rxb2 41.Rb4 Ra2 42.a4 Kf7 43.Kg2 Kg7 44.Kf3 Kg6
45.Kg2 Kg7 46.Kg1 Kf7 47.f4 gxf4 48.Rxf4 Kg6 49.Rb4 Re2 50.e4 Re3 51.Rxb6 Rxe4
52.a5 Ra4 53.a6 Ra3 54.Kg2 Rg3+ 55.Kf2 Rxh3 56.g5 Ra3 57.gxf6 h3 58.Kg1 Ra2
59.Kh1 Kf7 60.Kg1 Kg6  1/2-1/2

[Event "TCh-CRC Premier 2012"]
[Site "San Jose CRC"]
[Date "2012.07.26"]
[Round "5.3"]
[White "Ugalde,R"]
[Black "Fonseca Cabrera,E"]
[Result "1/2-1/2"]
[WhiteElo "2136"]
[BlackElo "2211"]

1.d4 Nf6 2.c4 e6 3.g3 d5 4.Bg2 Be7 5.Nf3 O-O 6.O-O dxc4 7.Nc3 c5 8.dxc5 Qa5
9.Qd4 Qxc5 10.Be3 Qh5 11.Qxc4 Nc6 12.Qh4 Qxh4 13.Nxh4 Ng4 14.Bd2 Rd8 15.Nf3 e5
16.Rfd1 Be6 17.h3 Nf6 18.Ng5 Bc4 19.b3 Ba6 20.e3 h6 21.Nf3 Bb4 22.a3 Rxd2
23.axb4 Rxd1+ 24.Rxd1 Nxb4 25.Nxe5 Rc8 26.Ne4 Nxe4 27.Bxe4 Re8 28.f4 Kf8
29.Kf2 Bb5 30.Bxb7 f6 31.Nc4 Rb8 32.Bf3 Ke7 33.e4 Bd7 34.g4 Nc2 35.Rd2 Na1
36.Ra2 Nxb3 37.Rxa7 Rb4 38.Ne3 Ke8 39.Nd5 Ra4 40.Rb7 Nc5 41.Rb8+ Kf7 42.Nb6 Ra2+
43.Kg3 Bc6 44.Nd5 Ra3 45.Kg2 Ra2+ 46.Kg3  1/2-1/2

[Event "TCh-POR Div 1 Final"]
[Site "Matosinhos POR"]
[Date "2012.07.27"]
[Round "7.2.2"]
[White "Ftacnik,L"]
[Black "Hoffmann,Micha1"]
[Result "1/2-1/2"]
[WhiteElo "2516"]
[BlackElo "2482"]

1.d4 Nf6 2.c4 e6 3.Nf3 d5 4.g3 Be7 5.Bg2 O-O 6.O-O c6 7.Qc2 b6 8.Rd1 Bb7
9.Nc3 Nbd7 10.b3 Rc8 11.e4 dxe4 12.Ng5 c5 13.dxc5 bxc5 14.Bb2 a6 15.Ncxe4 Nxe4
16.Nxe4 Qc7 17.Nd6 Bxd6 18.Bxb7 Rcd8 19.Bxa6 Be5 20.Bb5 Bxb2 21.Qxb2 Ne5
22.Qe2 g5 23.Rxd8 Rxd8 24.Re1 Ng6 25.a4 h6 26.Qe3 Qa5 27.Rb1 Qc7 28.Re1 Qa5
29.Rb1 Qc7 30.Re1  1/2-1/2

[Event "TCh-POR Div 1 Final"]
[Site "Matosinhos POR"]
[Date "2012.07.27"]
[Round "7.3.2"]
[White "Dias,P"]
[Black "Ferreira,Jor1"]
[Result "0-1"]
[WhiteElo "2440"]
[BlackElo "2338"]

1.d4 d5 2.c4 e6 3.Nf3 Nf6 4.g3 Be7 5.Bg2 O-O 6.O-O c6 7.Qc2 b6 8.Ne5 Nfd7
9.Rd1 Bb7 10.e4 Nxe5 11.dxe5 d4 12.f4 Nd7 13.Nd2 c5 14.Nf3 a6 15.f5 exf5
16.exf5 Bxf3 17.Bxf3 Nxe5 18.Bxa8 Qxa8 19.Bf4 Nf3+ 20.Kf2 Ng5 21.Qe2 Nh3+
22.Ke1 Re8 23.Kd2 Bd6 24.Qf1 Nxf4 25.gxf4 Qe4 26.Re1 Bxf4+ 27.Kd1 Be3 28.Rc1 d3
29.Rxe3 Qxe3 30.Rc3 Rd8 31.Rb3 Qe4 32.Qe1 Qg4+ 33.Kd2 Qg2+  0-1

[Event "99th ch-GBR 2012"]
[Site "North Shields ENG"]
[Date "2012.07.27"]
[Round "5.16"]
[White "Townsend,M"]
[Black "Waters,C"]
[Result "0-1"]
[WhiteElo "2252"]
[BlackElo "2106"]

1.d4 e6 2.Nf3 Nf6 3.g3 d5 4.Bg2 Be7 5.c4 O-O 6.Qc2 c6 7.O-O b6 8.Nbd2 Bb7
9.e4 Na6 10.e5 Nd7 11.cxd5 cxd5 12.a3 Rc8 13.Qd1 Nab8 14.Re1 Ba6 15.Nf1 Bxf1
16.Bxf1 a6 17.Bd3 b5 18.Bb1 Re8 19.Qd3 Nf8 20.h4 b4 21.Ng5 Bxg5 22.Bxg5 Qb6
23.Qe3 Nbd7 24.h5 Rc4 25.Rd1 bxa3 26.Rxa3 Rb4 27.Bf6 h6 28.Qf4 Nh7 29.Bxh7+ Kxh7
30.Bh4 f6 31.Qg4 Nxe5 32.Qe2 Rxd4 33.Rxd4 Qxd4 34.Rxa6 Qd3 35.Qxd3+ Nxd3
36.Ra7 Kg8 37.Rb7 Kf8 38.Kf1 Re7 39.Rb8+ Kf7 40.Ke2 Ne5 41.b4 Nc4 42.g4 e5
43.Bg3 Ra7 44.Kd3 Ke6 45.b5 Nd6 46.Kc3 d4+ 47.Kb4 d3 48.Kc3 Ra3+  0-1

[Event "27th Avoine Open"]
[Site "Avoine FRA"]
[Date "2012.07.28"]
[Round "8.28"]
[White "Gros,P"]
[Black "Nabavi,P"]
[Result "0-1"]
[WhiteElo "2032"]
[BlackElo "2164"]

1.d4 d5 2.c4 e6 3.Nf3 Nf6 4.g3 Be7 5.Bg2 Nbd7 6.O-O dxc4 7.Qc2 a6 8.Na3 Bxa3
9.bxa3 Nb6 10.e4 Bd7 11.Ne5 Bb5 12.Be3 Qe7 13.Rfe1 O-O 14.Qc1 Rfd8 15.Bg5 Rxd4
16.Ng4 e5 17.Bxf6 gxf6 18.Nh6+ Kh8 19.Nf5 Qe6 20.Qh6 Rg8 21.Bh3 Rdd8 22.Rad1 Rd3
23.Ng7 Qd6 24.Ne8 Bxe8  0-1

[Event "27th Avoine Open"]
[Site "Avoine FRA"]
[Date "2012.07.28"]
[Round "8.41"]
[White "Hartmann,D"]
[Black "Le Goff,R"]
[Result "1/2-1/2"]
[WhiteElo "1910"]
[BlackElo "2124"]

1.d4 d5 2.c4 e6 3.g3 Be7 4.Bg2 Nf6 5.Nf3 O-O 6.O-O dxc4 7.Na3 Bxa3 8.bxa3 Bd7
9.Ne5 Bc6 10.Nxc6 Nxc6 11.e3 Nd5 12.Qc2 Nb6 13.Bb2 Qd7 14.Rfd1 Rab8 15.Rd2 Rfc8
16.Rad1 Ne7 17.e4 Qa4 18.Qc3 Ng6 19.d5 e5 20.d6 cxd6 21.Rxd6 Qb5 22.Bc1 Na4
23.Qc2 Nc5 24.R1d5 Qa4 25.Qd2 c3 26.Qe2 Ne6 27.Bh3 Nd4 28.Qd3 Rf8 29.Kg2 b5
30.Qxc3 Ne2 31.Qd2 Nxc1 32.Qxc1 Qxe4+ 33.Kg1 Qe2 34.Rd2 Qh5 35.Bg2 Qg4 36.Qb2 h5
37.h3 Qg5 38.h4 Qg4 39.Kh2 Qa4 40.Bd5 Qg4 41.Bg2 b4 42.axb4 Rxb4 43.Qa3 Ra4
44.Qb3 Rd4 45.R2xd4 exd4 46.Qd5 Ne7 47.Qxd4 Nf5 48.Qxg4 hxg4 49.Ra6 Re8 50.Ra5 g6
51.h5 Re7 52.hxg6 fxg6 53.Ra4 Nh6 54.Bf1 Kg7 55.Kg2 Kf6 56.Bd3 Kg5 57.Ra5+  1/2-1/2

[Event "30th Andorra Open"]
[Site "Erts-La Massana AND"]
[Date "2012.07.29"]
[Round "9.9"]
[White "Marin,Mi"]
[Black "Berkovich,M"]
[Result "1/2-1/2"]
[WhiteElo "2548"]
[BlackElo "2366"]

1.d4 Nf6 2.Nf3 d5 3.c4 e6 4.g3 Be7 5.Bg2 O-O 6.O-O Nc6 7.Nc3 dxc4 8.e3 Bd6
9.Qe2 e5 10.Qxc4 exd4 11.exd4 h6 12.Be3 Nb4 13.a3 Be6 14.Qe2 Nbd5 15.Bd2 c6
16.Na4 Re8 17.Qd3 Nb6 18.Ba5 Bc7 19.Bxb6 axb6 20.Qc2 Nd5  1/2-1/2

[Event "Politiken Cup 2012"]
[Site "Helsingor DEN"]
[Date "2012.07.29"]
[Round "2.14"]
[White "Halkias,S"]
[Black "Poulsen,I"]
[Result "1-0"]
[WhiteElo "2570"]
[BlackElo "2081"]

1.c4 e6 2.Nf3 d5 3.g3 Nf6 4.d4 Be7 5.Bg2 O-O 6.O-O Nc6 7.e3 Rb8 8.Nbd2 b6
9.a3 a5 10.b3 Ne4 11.Qc2 Nxd2 12.Bxd2 Ba6 13.Rfc1 dxc4 14.bxc4 Qd6 15.Qa4 Qd7
16.Qb3 Bf6 17.Bc3 Ne7 18.e4 g6 19.d5 Bxc3 20.Qxc3 exd5 21.cxd5 Rb7 22.Ne5 Qd6
23.Ng4 f6 24.f4 b5 25.Qxa5 Rb6 26.Qc3 Bc8 27.e5 Nxd5 28.Qb3  1-0

[Event "Washington International 2012"]
[Site "Rockville USA"]
[Date "2012.07.29"]
[Round "3"]
[White "Kekelidze,M"]
[Black "Guadalupe,F"]
[Result "1-0"]
[WhiteElo "2494"]
[BlackElo "2214"]

1.d4 d5 2.Nf3 Nf6 3.c4 e6 4.g3 Be7 5.Bg2 O-O 6.Qc2 Nbd7 7.O-O c6 8.Nbd2 b6
9.e4 Bb7 10.Rd1 Rc8 11.b3 c5 12.exd5 exd5 13.Qf5 Re8 14.Bb2 Qc7 15.Rac1 a5
16.Ne5 cxd4 17.Nxd7 Qxd7 18.Qxd7 Nxd7 19.cxd5 Rxc1 20.Bxc1 Nf6 21.Nc4 Bc5
22.d6 Ba6 23.Bf4 Rd8 24.Bc6 Bxc4 25.bxc4 g5 26.Bxg5 Rxd6 27.Bf3 Re6 28.Kf1 Kg7
29.Bf4 Ne8 30.Bd5 Re7 31.Re1 Nf6 32.Rxe7 Bxe7 33.Be5 Kg6 34.a4 Bc5 35.Ke2 Nxd5
36.cxd5 Kf5 37.Bc7 d3+ 38.Kxd3 Bxf2 39.Kc4 Kf6 40.Kb5 Bg1 41.Kc6  1-0

[Event "21st Kavala Open A"]
[Site "Kavala GRE"]
[Date "2012.07.30"]
[Round "7"]
[White "Papaioannou,I"]
[Black "Ganguly,S"]
[Result "1/2-1/2"]
[WhiteElo "2597"]
[BlackElo "2627"]

1.d4 Nf6 2.c4 e6 3.g3 d5 4.Bg2 Be7 5.Nf3 O-O 6.O-O dxc4 7.Qc2 a6 8.a4 Bd7
9.Qxc4 Bc6 10.Bg5 h6 11.Bxf6 Bxf6 12.Nc3 Bxf3 13.Bxf3 c6 14.e3 a5 15.b4 axb4
16.Qxb4 Ra7 17.a5 Be7 18.Qb3 Nd7 19.Ra2 Nf6 20.Rfa1 Nd5 21.h4 Qb8 22.Nxd5 exd5
23.Kg2 Qd6 24.Qb6 Rfa8 25.a6 Rxa6 26.Rxa6 Rxa6 27.Rxa6 bxa6 28.Qxa6 g6 29.h5 gxh5
30.Bxh5 Kg7 31.Bf3 Qe6 32.Qb7 Qd6 33.Kg1 Bg5 34.Kg2 Be7 35.Bd1 Qe6 36.Bc2 h5
37.Qb8 h4 38.Qf4 hxg3 39.Qxg3+ Kf8 40.Kf1 c5 41.Qb8+ Kg7 42.Qg3+  1/2-1/2

[Event "Politiken Cup 2012"]
[Site "Helsingor DEN"]
[Date "2012.07.31"]
[Round "5.26"]
[White "Brorsen,J"]
[Black "Rudolf,An"]
[Result "0-1"]
[WhiteElo "2121"]
[BlackElo "2325"]

1.d4 d5 2.c4 e6 3.Nf3 Nf6 4.g3 Be7 5.Bg2 O-O 6.O-O dxc4 7.Qc2 a6 8.Qxc4 b5
9.Qc2 Bb7 10.Bd2 Nbd7 11.Ba5 Bd6 12.Rd1 Qc8 13.Nbd2 c5 14.dxc5 Qxc5 15.Qxc5 Bxc5
16.Nb3 Rfc8 17.Nxc5 Nxc5 18.Rac1 Bd5 19.b3 Rab8 20.Ne5 b4 21.e4 Nfxe4 22.Bxe4 Nxe4
23.Rxc8+ Rxc8 24.Nd3 Nc3 25.Rd2 Ne4 26.Rd1 Nc3 27.Rd2 Be4 28.Nc5 Bf3 29.Bxb4 Nd5
30.Ba3 g5 31.Rc2 g4 32.Rc1 Rc6 33.Nd3 Nc3 34.Nf4 Nxa2 35.Rxc6 Bxc6 36.Nd3 Bb5
37.Ne5 h5 38.Kg2 Kg7 39.Nc4 f6 40.Nd2 Nc3 41.Bb2 Nd5 42.h3 Kf7 43.hxg4 hxg4
44.Ne4 e5 45.Nc3 Nb4 46.Bc1 Nc2 47.Bd2 Nd4 48.b4 Nf3 49.Be3 Ne1+ 50.Kg1 Nd3
51.Bd2 Bc6 52.Nd1 Ke6 53.Ne3 Bf3 54.Kf1 Kd6 55.Nc4+ Kc6 56.Na3 Bd1 57.Nb1 f5
58.Na3 Bf3 59.Kg1 Be2 60.Nb1 f4 61.gxf4 exf4 62.Nc3 f3 63.Ne4 Kb5 64.Nc3+ Kc4
65.Ne4 Kd4 66.Ng3 Kd5 67.Nf5 Ke5 68.Ng3 Kd6 69.Nf5+ Kc6 70.Nd4+ Kb6 71.Be3 Kb7
72.Bd2 g3 73.Be3 gxf2+ 74.Bxf2 Nxb4 75.Be3 Nd3 76.Nb3 Kc6  0-1

[Event "CECLUB 1st Div GpA 2012"]
[Site "Don Benito ESP"]
[Date "2012.08.02"]
[Round "4"]
[White "Matnadze,A"]
[Black "Martinez Lopez,I"]
[Result "1-0"]
[WhiteElo "2422"]
[BlackElo "2302"]

1.d4 d5 2.Nf3 Nf6 3.g3 e6 4.Bg2 Be7 5.c4 O-O 6.Nc3 dxc4 7.Ne5 c5 8.dxc5 Qxd1+
9.Nxd1 Bxc5 10.Bd2 Nbd7 11.Nxc4 Nb6 12.Na5 Nfd5 13.Rc1 Bb4 14.Bxb4 Nxb4 15.a3 N4d5
16.e4 Nf6 17.Ne3 e5 18.O-O Na4 19.b3 Nb6 20.Rfd1 Ne8 21.b4 g6 22.f4 exf4
23.gxf4 Rb8 24.f5 Bd7 25.Rd4 Rc8 26.Rc5 Bc6 27.Nxc6 bxc6 28.e5 Ng7 29.Bh3 gxf5
30.Bxf5 Rcd8 31.Rxd8 Rxd8 32.Rxc6 Re8 33.Rc5 h5 34.Bc2 f6 35.exf6 Rxe3 36.Rg5 Rxa3
37.Rxg7+ Kf8 38.Bg6 Rf3 39.Rf7+ Kg8 40.Bxh5 Rf5 41.Rg7+ Kf8 42.Be2 Nd5 43.b5 Nc3
44.Bc4 Rxf6 45.Rxa7 Rg6+ 46.Kf2 Ne4+ 47.Ke3 Nd6 48.Bd3 Rh6 49.Ra2 Ke7 50.Rc2 Kd8
51.Kf4 Rh3 52.Rd2 Kc7 53.Kg4 Rh8 54.Rc2+ Kb7 55.h4 Nf7 56.Re2 Kb6 57.h5 Kc5
58.Bg6 Nd6 59.Re5+ Kd4 60.Re1 Nxb5 61.Kg5 Nc7 62.h6 Nd5 63.h7  1-0

[Event "Politiken Cup 2012"]
[Site "Helsingor DEN"]
[Date "2012.08.03"]
[Round "8.63"]
[White "Skjoldager,M"]
[Black "Moerling,Joakim"]
[Result "1-0"]
[WhiteElo "2077"]
[BlackElo "1685"]

1.d4 d5 2.c4 e6 3.Nf3 Nf6 4.g3 Be7 5.Bg2 c6 6.O-O O-O 7.Qc2 b6 8.Nbd2 Bb7
9.Rd1 Nbd7 10.e4 dxe4 11.Nxe4 Nxe4 12.Qxe4 Nf6 13.Qc2 Rc8 14.b3 Qc7 15.Bf4 Bd6
16.Bxd6 Qxd6 17.c5 Qe7 18.Ne5 Nd5 19.Be4 g6 20.a3 Rfd8 21.b4 b5 22.h4 Rc7
23.h5 f6 24.Nf3 g5 25.Re1 Qf7 26.Kg2 g4 27.Nh4 f5 28.Bxf5 exf5 29.Nxf5 Kh8
30.Qe4 Rf8 31.h6 Bc8 32.Qe5+ Qf6 33.Nd6 Qxe5 34.Rxe5 Re7 35.Rae1 Rxe5 36.Rxe5 Bd7
37.Rg5 Ne7 38.Rg7 Be6 39.Rxe7 Bd5+ 40.Kf1 a5 41.bxa5 b4 42.axb4 Rf6 43.Re8+ Bg8
44.Re7  1-0

[Event "99th ch-GBR 2012"]
[Site "North Shields ENG"]
[Date "2012.08.03"]
[Round "11.14"]
[White "Chapman,T"]
[Black "Waters,C"]
[Result "1/2-1/2"]
[WhiteElo "2290"]
[BlackElo "2106"]

1.Nf3 d5 2.d4 Nf6 3.c4 e6 4.g3 Be7 5.Bg2 O-O 6.O-O c6 7.Qc2 b6 8.Ne5 Bb7
9.Rd1 Nfd7 10.Nf3 Na6 11.cxd5 Nb4 12.Qb3 cxd5 13.Nc3 Ba6 14.Re1 Rc8 15.Bf4 Nb8
16.Rec1 N4c6 17.Qd1 Na5 18.Rab1 Nc4 19.h4 b5 20.Ne5 Nxe5 21.Bxe5  1/2-1/2

[Event "Olomouc IM Prima Pack"]
[Site "Olomouc CZE"]
[Date "2012.08.03"]
[Round "3.3"]
[White "Jurek,J"]
[Black "Villegas,P"]
[Result "1-0"]
[WhiteElo "2318"]
[BlackElo "2249"]

1.Nf3 d5 2.d4 Nf6 3.c4 e6 4.g3 Be7 5.Bg2 O-O 6.O-O dxc4 7.Qc2 a6 8.a4 Bd7
9.Rd1 Bc6 10.Nc3 Bxf3 11.Bxf3 Nc6 12.Bxc6 bxc6 13.a5 Qb8 14.Qa4 Qb3 15.Qxc6 Bb4
16.Bd2 Rad8 17.Qxa6 Ra8 18.Qb5 Rfb8 19.Qe5 Bd6 20.Qe3 Qxb2 21.Rdb1 Qc2 22.Rxb8+ Rxb8
23.a6 Qf5 24.a7 Ra8 25.Qg5 Qxg5 26.Bxg5 h6 27.Bxf6 gxf6 28.Nb5 Kf8 29.Rc1 Ke7
30.Rxc4 Kd7 31.Kg2 f5 32.e3 Rg8 33.Kh3 Ra8 34.Rc2 Rg8 35.f4 Ra8 36.Kg2 Rg8
37.Kf3 Ra8 38.e4 fxe4+ 39.Kxe4 f5+ 40.Kf3 Rg8 41.Kg2 Ra8 42.Kh3 Rg8 43.Kh4 Be7+
44.Kh5 c6 45.Ra2 Ra8 46.Nc3 Bf6 47.Ra4 c5 48.Ne2 c4 49.Kg6 Ke7 50.Nc3 Bxd4
51.Nb5 Bg1 52.Rxc4  1-0

[Event "Tabor Open 2012"]
[Site "Tabor CZE"]
[Date "2012.08.04"]
[Round "8.7"]
[White "Kislik,E"]
[Black "Trepka,J"]
[Result "1/2-1/2"]
[WhiteElo "2408"]
[BlackElo "2221"]

1.d4 Nf6 2.c4 e6 3.g3 d5 4.Bg2 Be7 5.Nf3 O-O 6.O-O c5 7.cxd5 Nxd5 8.dxc5 Bxc5
9.e4 Nb4 10.Nc3 N8c6 11.Qe2 b6 12.Rd1 Qe8 13.a3 Ba6 14.Nb5 Nd4 15.Nfxd4 Bxd4
16.Rxd4 Bxb5 17.Qd1 Nc6 18.Rd6 Rd8 19.Be3  1/2-1/2